[Event "ODJM C 2025"]
[Site "Willingen GER"]
[Date "2025.06.11"]
[Round "6"]
[White "Wolf, Anna"]
[Black "Böker, Maximilian"]
[Result "1-0"]
[Termination "normal"]
[Board "2"]
[WhiteElo "1488"]
[BlackElo "1534"]
[WhiteClock "00:26:30"]
[BlackClock "00:49:11"]
[PlyCount "95"]
[WhiteFideId "34616993"]
[BlackFideId "34623868"]
[EventCountry "GER"]
[EventRounds "9"]
[EventType "swiss"]
[EventDate "2025.06.07"]

1. e4 {[%clk 01:30:56]} {[%emt 00:00:02]} c6 {[%clk 01:30:57]} {[%emt
00:00:03]} 2. d4 {[%clk 01:31:13]} {[%emt 00:00:13]} d5 {[%clk 01:31:21]}
{[%emt 00:00:07]} 3. exd5 {[%clk 01:31:34]} {[%emt 00:00:10]} cxd5 {[%clk
01:31:44]} {[%emt 00:00:06]} 4. Bd3 {[%clk 01:31:51]} {[%emt 00:00:13]} Nf6
{[%clk 01:31:12]} {[%emt 00:01:02]} 5. h3 {[%clk 01:32:12]} {[%emt 00:00:09]}
Nc6 {[%clk 01:31:10]} {[%emt 00:00:33]} 6. c3 {[%clk 01:32:32]} {[%emt
00:00:09]} e6 {[%clk 01:30:59]} {[%emt 00:00:42]} 7. Bf4 {[%clk 01:32:38]}
{[%emt 00:00:23]} Bd6 {[%clk 01:30:42]} {[%emt 00:00:47]} 8. Bxd6 {[%clk
01:32:52]} {[%emt 00:00:16]} Qxd6 {[%clk 01:31:04]} {[%emt 00:00:08]} 9. Nf3
{[%clk 01:33:03]} {[%emt 00:00:19]} O-O {[%clk 01:30:09]} {[%emt 00:01:25]} 10.
Nbd2 {[%clk 01:33:20]} {[%emt 00:00:12]} Re8 {[%clk 01:27:47]} {[%emt
00:02:52]} 11. O-O {[%clk 01:32:28]} {[%emt 00:01:23]} Bd7 {[%clk 01:24:32]}
{[%emt 00:03:45]} 12. Re1 {[%clk 01:23:24]} a6 {[%clk 01:19:48]} {[%emt
00:14:48]} 13. Ne5 {[%clk 01:21:55]} b5 {[%clk 01:16:56]} {[%emt 00:05:20]} 14.
b4 {[%clk 01:22:03]} {[%emt 00:00:23]} Qc7 {[%clk 01:14:04]} {[%emt 00:03:22]}
15. Ndf3 {[%clk 01:21:25]} {[%emt 00:01:07]} Bc8 {[%clk 01:09:50]} {[%emt
00:04:45]} 16. Rc1 {[%clk 01:08:26]} {[%emt 00:13:30]} Nxe5 {[%clk 01:05:55]}
{[%emt 00:04:24]} 17. Nxe5 {[%clk 01:02:25]} {[%emt 00:06:30]} Nd7 {[%clk
01:01:13]} {[%emt 00:05:13]} 18. Bxh7+ {[%clk 00:58:29]} {[%emt 00:04:26]} Kf8
{[%clk 00:56:00]} {[%emt 00:05:44]} 19. Qf3 {[%clk 00:51:37]} {[%emt 00:07:21]}
Nf6 {[%clk 00:54:00]} {[%emt 00:02:30]} 20. Bd3 {[%clk 00:50:24]} {[%emt
00:01:44]} Bd7 {[%clk 00:52:14]} {[%emt 00:02:16]} 21. h4 {[%clk 00:49:06]}
{[%emt 00:01:47]} Ke7 {[%clk 00:49:41]} {[%emt 00:03:04]} 22. Qg3 {[%clk
00:40:38]} {[%emt 00:08:57]} g6 {[%clk 00:47:46]} {[%emt 00:02:25]} 23. Nxg6+
{[%clk 00:39:39]} {[%emt 00:01:29]} Kd8 {[%clk 00:48:07]} {[%emt 00:00:09]} 24.
Ne5 {[%clk 00:35:06]} {[%emt 00:05:02]} Ke7 {[%clk 00:46:54]} {[%emt 00:01:44]}
25. Qg7 {[%clk 00:33:47]} {[%emt 00:01:49]} Ne4 {[%clk 00:44:35]} {[%emt
00:02:49]} 26. Qxf7+ {[%clk 00:32:58]} {[%emt 00:01:18]} Kd6 {[%clk 00:44:48]}
{[%emt 00:00:19]} 27. Nxd7 {[%clk 00:30:33]} {[%emt 00:02:54]} Qxd7 {[%clk
00:45:06]} {[%emt 00:00:12]} 28. Qxd7+ {[%clk 00:30:22]} {[%emt 00:00:40]} Kxd7
{[%clk 00:45:28]} {[%emt 00:00:09]} 29. Bxe4 {[%clk 00:30:42]} {[%emt
00:00:10]} dxe4 {[%clk 00:45:50]} {[%emt 00:00:08]} 30. Rxe4 {[%clk 00:31:04]}
{[%emt 00:00:08]} Kd6 {[%clk 00:45:43]} {[%emt 00:00:37]} 31. Re5 {[%clk
00:26:22]} {[%emt 00:05:12]} Rh8 {[%clk 00:45:11]} {[%emt 00:01:02]} 32. h5
{[%clk 00:24:56]} {[%emt 00:01:55]} Raf8 {[%clk 00:45:11]} {[%emt 00:00:30]}
33. g4 {[%clk 00:24:35]} {[%emt 00:00:52]} Rfg8 {[%clk 00:45:26]} {[%emt
00:00:15]} 34. f3 {[%clk 00:24:52]} {[%emt 00:00:13]} Rf8 {[%clk 00:45:35]}
{[%emt 00:00:21]} 35. Kg2 {[%clk 00:25:02]} {[%emt 00:00:19]} Ke7 {[%clk
00:45:23]} {[%emt 00:00:43]} 36. Rce1 {[%clk 00:25:01]} {[%emt 00:00:31]} Rh6
{[%clk 00:45:23]} {[%emt 00:00:28]} 37. d5 {[%clk 00:24:56]} {[%emt 00:00:36]}
Kd6 {[%clk 00:45:46]} {[%emt 00:00:08]} 38. dxe6 {[%clk 00:25:00]} {[%emt
00:00:25]} Re8 {[%clk 00:46:09]} {[%emt 00:00:08]} 39. f4 {[%clk 00:24:45]}
{[%emt 00:00:45]} Rexe6 {[%clk 00:46:20]} {[%emt 00:00:19]} 40. Rxe6+ {[%clk
00:24:53]} {[%emt 00:00:22]} Rxe6 {[%clk 00:46:42]} {[%emt 00:00:07]} 41. Rxe6+
{[%clk 00:25:02]} {[%emt 00:00:21]} Kxe6 {[%clk 00:47:11]} {[%emt 00:00:02]}
42. h6 {[%clk 00:25:14]} {[%emt 00:00:18]} Kf7 {[%clk 00:47:33]} {[%emt
00:00:07]} 43. g5 {[%clk 00:25:36]} {[%emt 00:00:08]} Kg6 {[%clk 00:47:59]}
{[%emt 00:00:05]} 44. f5+ {[%clk 00:25:39]} {[%emt 00:00:27]} Kf7 {[%clk
00:48:16]} {[%emt 00:00:13]} 45. h7 {[%clk 00:25:55]} {[%emt 00:00:14]} Kg7
{[%clk 00:48:40]} {[%emt 00:00:06]} 46. g6 {[%clk 00:26:16]} {[%emt 00:00:08]}
Kh8 {[%clk 00:48:46]} {[%emt 00:00:25]} 47. f6 {[%clk 00:26:22]} {[%emt
00:00:24]} a5 {[%clk 00:49:11]} {[%emt 00:00:05]} 48. f7 {[%clk 00:26:30]}
{[%emt 00:00:22]} 1-0

[Event "ODJM C 2025"]
[Site "Willingen GER"]
[Date "2025.06.11"]
[Round "6"]
[White "Anzinger, Simon"]
[Black "Lange, Lene Marie"]
[Result "0-1"]
[Termination "normal"]
[Board "3"]
[WhiteElo "1541"]
[BlackElo "1547"]
[WhiteClock "00:47:09"]
[BlackClock "00:47:31"]
[PlyCount "64"]
[WhiteFideId "34698825"]
[BlackFideId "34639748"]
[EventCountry "GER"]
[EventRounds "9"]
[EventType "swiss"]
[EventDate "2025.06.07"]

1. e4 {[%clk 01:30:56]} {[%emt 00:00:03]} e5 {[%clk 01:30:48]} {[%emt
00:00:13]} 2. Nf3 {[%clk 01:31:16]} {[%emt 00:00:10]} Nf6 {[%clk 01:30:51]}
{[%emt 00:00:27]} 3. d4 {[%clk 01:30:43]} {[%emt 00:01:02]} Nxe4 {[%clk
01:30:07]} {[%emt 00:01:15]} 4. Bd3 {[%clk 01:29:38]} {[%emt 00:01:34]} d5
{[%clk 01:25:28]} {[%emt 00:05:10]} 5. Nxe5 {[%clk 01:29:42]} {[%emt 00:00:24]}
Qf6 {[%clk 01:24:29]} {[%emt 00:01:30]} 6. O-O {[%clk 01:28:11]} {[%emt
00:02:01]} Bd6 {[%clk 01:22:16]} {[%emt 00:02:44]} 7. f3 {[%clk 01:24:55]}
{[%emt 00:03:45]} Ng5 {[%clk 01:21:46]} {[%emt 00:01:00]} 8. Nc3 {[%clk
01:23:52]} {[%emt 00:01:33]} O-O {[%clk 01:17:17]} {[%emt 00:04:58]} 9. Nxd5
{[%clk 01:21:41]} {[%emt 00:02:42]} Qh6 {[%clk 01:09:10]} {[%emt 00:08:37]} 10.
Ng4 {[%clk 01:05:31]} {[%emt 00:16:10]} Bxg4 {[%clk 01:06:54]} {[%emt
00:03:16]} 11. fxg4 {[%clk 01:00:52]} {[%emt 00:05:09]} Qxh2+ {[%clk 01:06:55]}
{[%emt 00:00:30]} 12. Kf2 {[%clk 01:00:49]} {[%emt 00:00:31]} Bg3+ {[%clk
01:06:41]} {[%emt 00:00:45]} 13. Ke3 {[%clk 01:00:16]} {[%emt 00:01:03]} Re8+
{[%clk 01:06:35]} {[%emt 00:00:37]} 14. Kd2 {[%clk 01:00:25]} {[%emt 00:00:20]}
Qxg2+ {[%clk 01:06:24]} {[%emt 00:00:42]} 15. Kc3 {[%clk 01:00:44]} {[%emt
00:00:10]} Qxd5 {[%clk 01:06:29]} {[%emt 00:00:26]} 16. Bc4 {[%clk 01:00:36]}
{[%emt 00:00:38]} Ne4+ {[%clk 01:04:39]} {[%emt 00:02:20]} 17. Kb3 {[%clk
01:00:41]} {[%emt 00:00:23]} Qc6 {[%clk 01:02:07]} {[%emt 00:03:03]} 18. Bxf7+
{[%clk 01:00:33]} {[%emt 00:00:37]} Kh8 {[%clk 01:02:31]} {[%emt 00:00:07]} 19.
Bxe8 {[%clk 01:00:17]} {[%emt 00:00:47]} Qxe8 {[%clk 01:01:35]} {[%emt
00:01:26]} 20. c3 {[%clk 00:58:58]} {[%emt 00:01:47]} Nc6 {[%clk 00:59:31]}
{[%emt 00:02:36]} 21. Bf4 {[%clk 00:57:27]} {[%emt 00:01:58]} Bxf4 {[%clk
00:58:40]} {[%emt 00:01:23]} 22. Rxf4 {[%clk 00:57:40]} {[%emt 00:00:17]} Na5+
{[%clk 00:58:20]} {[%emt 00:00:51]} 23. Kc2 {[%clk 00:57:29]} {[%emt 00:00:39]}
Nc4 {[%clk 00:57:02]} {[%emt 00:01:50]} 24. Qd3 {[%clk 00:56:41]} {[%emt
00:01:16]} Ned6 {[%clk 00:56:09]} {[%emt 00:01:24]} 25. Rh1 {[%clk 00:54:01]}
{[%emt 00:03:06]} Qa4+ {[%clk 00:54:04]} {[%emt 00:02:39]} 26. Kb1 {[%clk
00:53:21]} {[%emt 00:01:09]} h6 {[%clk 00:52:08]} {[%emt 00:02:28]} 27. g5
{[%clk 00:50:59]} {[%emt 00:02:51]} Qb5 {[%clk 00:49:34]} {[%emt 00:03:04]} 28.
Qc2 {[%clk 00:46:53]} {[%emt 00:04:37]} Na3+ {[%clk 00:49:42]} {[%emt
00:00:22]} 29. Kc1 {[%clk 00:47:13]} {[%emt 00:00:10]} Nxc2 {[%clk 00:50:03]}
{[%emt 00:00:09]} 30. gxh6 {[%clk 00:47:31]} {[%emt 00:00:11]} Kg8 {[%clk
00:48:33]} {[%emt 00:02:01]} 31. hxg7 {[%clk 00:47:41]} {[%emt 00:00:20]} Re8
{[%clk 00:47:58]} {[%emt 00:01:05]} 32. Kxc2 {[%clk 00:47:09]} {[%emt
00:01:02]} Re2+ {[%clk 00:47:31]} {[%emt 00:00:55]} 0-1

[Event "ODJM C 2025"]
[Site "Willingen GER"]
[Date "2025.06.11"]
[Round "6"]
[White "Friede, Juan"]
[Black "Hantke, Florian"]
[Result "1-0"]
[Termination "normal"]
[Board "4"]
[WhiteElo "1197"]
[BlackElo "1517"]
[WhiteClock "00:29:12"]
[BlackClock "00:48:13"]
[PlyCount "107"]
[WhiteFideId "533043760"]
[BlackFideId "34638962"]
[EventCountry "GER"]
[EventRounds "9"]
[EventType "swiss"]
[EventDate "2025.06.07"]

1. e4 {[%clk 01:30:59]} {[%emt 04:11:24]} e5 {[%clk 01:30:30]} {[%emt
00:00:30]} 2. Nf3 {[%clk 01:31:22]} {[%emt 00:00:06]} Nc6 {[%clk 01:30:43]}
{[%emt 00:00:18]} 3. Bb5 {[%clk 01:31:47]} {[%emt 00:00:05]} a6 {[%clk
01:30:57]} {[%emt 00:00:16]} 4. Ba4 {[%clk 01:32:11]} {[%emt 00:00:06]} Nf6
{[%clk 01:31:17]} {[%emt 00:00:10]} 5. O-O {[%clk 01:32:30]} {[%emt 00:00:11]}
Be7 {[%clk 01:28:21]} {[%emt 00:03:26]} 6. Re1 {[%clk 01:32:48]} {[%emt
00:00:11]} b5 {[%clk 01:28:44]} {[%emt 00:00:08]} 7. Bb3 {[%clk 01:33:13]}
{[%emt 00:00:05]} d6 {[%clk 01:28:58]} {[%emt 00:00:15]} 8. h3 {[%clk
01:33:30]} {[%emt 00:00:13]} O-O {[%clk 01:28:31]} {[%emt 00:00:57]} 9. c3
{[%clk 01:33:53]} {[%emt 00:00:07]} Na5 {[%emt 00:00:31]} 10. Bc2 {[%clk
01:34:15]} {[%emt 00:00:08]} c5 {[%clk 01:28:43]} {[%emt 00:00:17]} 11. d4
{[%clk 01:32:31]} {[%emt 00:02:14]} Qc7 {[%clk 01:27:54]} {[%emt 00:01:19]} 12.
Nbd2 {[%clk 01:28:04]} {[%emt 00:04:58]} cxd4 {[%clk 01:27:36]} {[%emt
00:00:48]} 13. cxd4 {[%clk 01:27:36]} {[%emt 00:00:58]} Nc6 {[%clk 01:27:27]}
{[%emt 00:00:39]} 14. d5 {[%clk 01:24:23]} {[%emt 00:03:43]} Nb4 {[%clk
01:25:30]} {[%emt 00:02:28]} 15. Bb1 {[%clk 01:23:38]} {[%emt 00:01:14]} a5
{[%clk 01:21:42]} {[%emt 00:04:18]} 16. a3 {[%clk 01:21:01]} {[%emt 00:03:07]}
Na6 {[%clk 01:21:59]} {[%emt 00:00:13]} 17. Nf1 {[%clk 01:18:44]} {[%emt
00:02:46]} Bd7 {[%clk 01:20:17]} {[%emt 00:02:12]} 18. Be3 {[%clk 01:14:12]}
{[%emt 00:05:02]} Rfc8 {[%clk 01:13:51]} {[%emt 00:06:57]} 19. Ng3 {[%clk
01:08:20]} {[%emt 00:06:22]} Nc5 {[%clk 01:07:06]} {[%emt 00:07:14]} 20. Bc2
{[%clk 01:01:32]} {[%emt 00:07:18]} a4 {[%clk 00:59:46]} {[%emt 00:07:51]} 21.
Qd2 {[%clk 00:58:37]} {[%emt 00:03:25]} Qb7 {[%clk 00:55:30]} {[%emt 00:04:46]}
22. Bxc5 {[%clk 00:44:20]} {[%emt 00:14:47]} Rxc5 {[%clk 00:55:16]} {[%emt
00:00:44]} 23. Bd3 {[%clk 00:40:45]} {[%emt 00:04:04]} Rac8 {[%clk 00:49:59]}
{[%emt 00:05:48]} 24. Rac1 {[%clk 00:36:24]} {[%emt 00:04:53]} Qc7 {[%clk
00:49:32]} {[%emt 00:00:57]} 25. Ne2 {[%clk 00:35:22]} {[%emt 00:01:30]} Nh5
{[%clk 00:44:30]} {[%emt 00:05:32]} 26. Rxc5 {[%clk 00:32:20]} {[%emt
00:03:33]} Qxc5 {[%clk 00:44:44]} {[%emt 00:00:15]} 27. Rc1 {[%clk 00:30:15]}
{[%emt 00:02:36]} Qb6 {[%clk 00:39:55]} {[%emt 00:05:14]} 28. Rxc8+ {[%clk
00:26:01]} {[%emt 00:04:49]} Bxc8 {[%clk 00:40:19]} {[%emt 00:00:06]} 29. Qb4
{[%clk 00:20:10]} {[%emt 00:06:20]} Bd7 {[%clk 00:30:13]} {[%emt 00:10:36]} 30.
Nc3 {[%clk 00:19:04]} {[%emt 00:01:36]} Ng3 {[%clk 00:29:50]} {[%emt 00:00:53]}
31. Nd2 {[%clk 00:13:19]} {[%emt 00:06:15]} Bg5 {[%clk 00:29:51]} {[%emt
00:00:28]} 32. Nf1 {[%clk 00:12:43]} {[%emt 00:01:08]} Nxf1 {[%clk 00:29:30]}
{[%emt 00:00:51]} 33. Kxf1 {[%clk 00:12:18]} {[%emt 00:00:54]} Bd2 {[%clk
00:29:54]} {[%emt 00:00:06]} 34. Bc2 {[%clk 00:09:06]} {[%emt 00:03:42]} Bxc3
{[%clk 00:27:42]} {[%emt 00:02:43]} 35. Qxc3 {[%clk 00:06:54]} {[%emt
00:02:41]} g6 {[%clk 00:27:25]} {[%emt 00:00:48]} 36. Ke2 {[%clk 00:06:52]}
{[%emt 00:00:32]} Kg7 {[%clk 00:27:14]} {[%emt 00:00:41]} 37. Qe3 {[%clk
00:07:09]} {[%emt 00:00:13]} Qxe3+ {[%clk 00:26:52]} {[%emt 00:00:51]} 38. Kxe3
{[%clk 00:07:34]} {[%emt 00:00:06]} Kf6 {[%clk 00:27:14]} {[%emt 00:00:08]} 39.
Bd3 {[%clk 00:06:08]} {[%emt 00:01:56]} Kg5 {[%clk 00:27:14]} {[%emt 00:00:30]}
40. Kd2 {[%clk 00:03:24]} {[%emt 00:03:14]} b4 {[%clk 00:16:45]} {[%emt
00:10:59]} 41. axb4 {[%clk 00:02:52]} {[%emt 00:01:02]} Kf4 {[%clk 00:17:07]}
{[%emt 00:00:08]} 42. b5 {[%clk 00:01:44]} {[%emt 00:01:38]} h5 {[%clk
00:17:04]} {[%emt 00:00:34]} 43. b6 {[%clk 00:01:46]} {[%emt 00:00:27]} Bc8
{[%clk 00:17:28]} {[%emt 00:00:05]} 44. Bb5 {[%clk 00:01:36]} {[%emt 00:00:41]}
Kxe4 {[%clk 00:17:30]} {[%emt 00:00:27]} 45. Bc6 {[%clk 00:01:47]} {[%emt
00:00:19]} Kd4 {[%clk 00:16:49]} {[%emt 00:01:11]} 46. b7 {[%clk 00:02:07]}
{[%emt 00:00:12]} Bxb7 {[%clk 00:17:16]} {[%emt 00:00:03]} 47. Bxb7 {[%clk
00:02:32]} {[%emt 00:00:04]} Kc5 {[%clk 00:17:43]} {[%emt 00:00:04]} 48. Kc3
{[%clk 00:02:03]} {[%emt 00:00:59]} h4 {[%clk 00:16:49]} {[%emt 00:01:23]} 49.
Bc6 {[%clk 00:02:19]} {[%emt 00:00:14]} g5 {[%clk 00:17:15]} {[%emt 00:00:04]}
50. f3 {[%clk 00:01:45]} {[%emt 00:01:04]} f6 {[%clk 00:17:38]} {[%emt
00:00:07]} 51. Bxa4 {[%clk 00:02:08]} {[%emt 00:00:07]} Kxd5 {[%clk 00:18:03]}
{[%emt 00:00:05]} 52. b4 {[%clk 00:02:05]} {[%emt 00:00:32]} f5 {[%clk
00:17:51]} {[%emt 00:00:43]} 53. Bd7 {[%clk 00:30:00]} {[%emt 00:02:35]} f4
{[%clk 00:48:13]} {[%emt 00:00:08]} 54. Be8 {[%clk 00:29:12]} {[%emt 00:01:18]}
1-0

[Event "ODJM C 2025"]
[Site "Willingen GER"]
[Date "2025.06.11"]
[Round "6"]
[White "Schöning, Leopold"]
[Black "Datta, Satadru"]
[Result "1-0"]
[Termination "normal"]
[Board "5"]
[WhiteElo "1525"]
[BlackElo "1458"]
[WhiteClock "00:40:14"]
[BlackClock "00:15:58"]
[PlyCount "126"]
[WhiteFideId "34678964"]
[BlackFideId "34637931"]
[EventCountry "GER"]
[EventRounds "9"]
[EventType "swiss"]
[EventDate "2025.06.07"]

1. e4 {[%clk 01:29:59]} {[%emt 00:01:01]} c5 {[%clk 01:30:34]} {[%emt
00:00:25]} 2. Nf3 {[%clk 01:29:53]} {[%emt 00:00:36]} d6 {[%clk 01:30:44]}
{[%emt 00:00:19]} 3. c3 {[%clk 01:29:22]} {[%emt 00:01:01]} Nc6 {[%clk
01:29:56]} {[%emt 00:01:18]} 4. d4 {[%clk 01:27:24]} {[%emt 00:02:28]} cxd4
{[%clk 01:27:25]} {[%emt 00:03:02]} 5. cxd4 {[%clk 01:27:40]} {[%emt 00:00:15]}
e6 {[%clk 01:25:20]} {[%emt 00:02:35]} 6. Nc3 {[%clk 01:26:17]} {[%emt
00:01:52]} a6 {[%clk 01:22:25]} {[%emt 00:03:25]} 7. Be2 {[%clk 01:18:51]}
{[%emt 00:07:56]} Nf6 {[%clk 01:20:20]} {[%emt 00:02:34]} 8. O-O {[%clk
01:17:45]} {[%emt 00:01:36]} Be7 {[%clk 01:18:11]} {[%emt 00:02:39]} 9. h3
{[%clk 01:16:19]} {[%emt 00:01:57]} O-O {[%clk 01:17:42]} {[%emt 00:00:58]} 10.
Be3 {[%clk 01:15:09]} {[%emt 00:01:41]} d5 {[%clk 01:09:40]} {[%emt 00:08:31]}
11. e5 {[%clk 01:10:24]} {[%emt 00:05:17]} Nd7 {[%clk 01:09:26]} {[%emt
00:00:43]} 12. a3 {[%clk 01:06:18]} {[%emt 00:04:37]} f6 {[%clk 01:05:40]}
{[%emt 00:04:14]} 13. exf6 {[%clk 01:05:35]} {[%emt 00:01:14]} Nxf6 {[%clk
01:05:44]} {[%emt 00:00:26]} 14. Ne5 {[%clk 01:01:08]} {[%emt 00:04:57]} Bd7
{[%clk 00:56:53]} {[%emt 00:09:21]} 15. Bd3 {[%clk 01:00:05]} {[%emt 00:01:32]}
Qc7 {[%clk 00:49:30]} {[%emt 00:07:53]} 16. f4 {[%clk 00:58:47]} {[%emt
00:01:49]} Rac8 {[%clk 00:39:55]} {[%emt 00:10:03]} 17. Rc1 {[%clk 00:56:01]}
{[%emt 00:03:18]} Qd8 {[%clk 00:35:28]} {[%emt 00:04:56]} 18. Bc2 {[%clk
00:50:52]} {[%emt 00:05:31]} Bd6 {[%clk 00:22:50]} {[%emt 00:13:17]} 19. Qd3
{[%clk 00:48:52]} {[%emt 00:02:29]} Ne7 {[%clk 00:20:55]} {[%emt 00:02:25]} 20.
Ng4 {[%clk 00:41:05]} {[%emt 00:08:17]} Ng6 {[%clk 00:16:51]} {[%emt 00:04:33]}
21. Ne5 {[%clk 00:40:39]} {[%emt 00:00:57]} Be8 {[%clk 00:15:20]} {[%emt
00:02:01]} 22. Qd2 {[%clk 00:34:05]} {[%emt 00:08:24]} Bxe5 {[%clk 00:13:57]}
{[%emt 00:01:55]} 23. dxe5 {[%clk 00:34:00]} {[%emt 00:00:34]} Nd7 {[%clk
00:14:09]} {[%emt 00:00:18]} 24. Ne2 {[%clk 00:31:58]} {[%emt 00:02:31]} Qe7
{[%clk 00:12:00]} {[%emt 00:02:40]} 25. Nd4 {[%clk 00:30:07]} {[%emt 00:02:20]}
b5 {[%clk 00:10:24]} {[%emt 00:02:06]} 26. Bd3 {[%clk 00:27:49]} {[%emt
00:02:48]} Rxc1 {[%clk 00:10:19]} {[%emt 00:00:36]} 27. Qxc1 {[%clk 00:26:56]}
{[%emt 00:01:23]} Qh4 {[%clk 00:08:45]} {[%emt 00:01:59]} 28. Nxe6 {[%clk
00:26:58]} {[%emt 00:00:32]} Rf7 {[%clk 00:08:55]} {[%emt 00:00:18]} 29. Ng5
{[%clk 00:26:05]} {[%emt 00:01:24]} Rf8 {[%clk 00:08:48]} {[%emt 00:00:39]} 30.
Ne6 {[%clk 00:24:22]} {[%emt 00:02:13]} Rf7 {[%clk 00:08:36]} {[%emt 00:00:41]}
31. Qc2 {[%clk 00:24:25]} {[%emt 00:00:27]} Ngf8 {[%clk 00:08:14]} {[%emt
00:00:51]} 32. Ng5 {[%clk 00:23:49]} {[%emt 00:01:07]} Re7 {[%clk 00:08:33]}
{[%emt 00:00:12]} 33. Nf3 {[%clk 00:20:44]} {[%emt 00:03:35]} Qh5 {[%clk
00:08:08]} {[%emt 00:00:54]} 34. Be2 {[%clk 00:20:26]} {[%emt 00:00:47]} Qg6
{[%clk 00:06:45]} {[%emt 00:01:37]} 35. f5 {[%clk 00:20:18]} {[%emt 00:00:55]}
Qg3 {[%clk 00:05:56]} {[%emt 00:01:18]} 36. Bf2 {[%clk 00:19:36]} {[%emt
00:01:11]} Qf4 {[%clk 00:06:10]} {[%emt 00:00:18]} 37. Bc5 {[%clk 00:18:58]}
{[%emt 00:01:09]} Nxc5 {[%clk 00:05:12]} {[%emt 00:01:29]} 38. Qxc5 {[%clk
00:19:16]} {[%emt 00:00:11]} Rd7 {[%clk 00:04:35]} {[%emt 00:01:06]} 39. e6
{[%clk 00:19:05]} {[%emt 00:00:41]} Rd6 {[%clk 00:03:22]} {[%emt 00:01:43]} 40.
Qc7 {[%clk 00:17:26]} {[%emt 00:02:10]} Qe3+ {[%clk 00:02:17]} {[%emt
00:01:34]} 41. Rf2 {[%clk 00:17:35]} {[%emt 00:00:21]} Rc6 {[%clk 00:01:51]}
{[%emt 00:00:55]} 42. Qg3 {[%clk 00:16:54]} {[%emt 00:01:12]} Kh8 {[%clk
00:00:50]} {[%emt 00:01:31]} 43. Qh4 {[%clk 00:16:05]} {[%emt 00:01:18]} Rc7
{[%clk 00:27:50]} {[%emt 00:03:29]} 44. Qd4 {[%clk 00:43:21]} {[%emt 00:03:16]}
Qe4 {[%clk 00:21:37]} {[%emt 00:06:40]} 45. Qxe4 {[%clk 00:42:48]} {[%emt
00:01:07]} dxe4 {[%clk 00:21:57]} {[%emt 00:00:09]} 46. Nd4 {[%clk 00:43:06]}
{[%emt 00:00:11]} Rc1+ {[%clk 00:20:05]} {[%emt 00:02:23]} 47. Rf1 {[%clk
00:41:41]} {[%emt 00:01:55]} Rc7 {[%clk 00:19:38]} {[%emt 00:00:58]} 48. Kf2
{[%clk 00:41:38]} {[%emt 00:00:33]} h6 {[%clk 00:17:56]} {[%emt 00:02:11]} 49.
Ke3 {[%clk 00:40:06]} {[%emt 00:02:02]} Nh7 {[%clk 00:17:57]} {[%emt 00:00:28]}
50. Kxe4 {[%clk 00:40:01]} {[%emt 00:00:37]} Nf6+ {[%clk 00:17:32]} {[%emt
00:00:54]} 51. Kd3 {[%clk 00:39:39]} {[%emt 00:00:52]} Bc6 {[%clk 00:17:40]}
{[%emt 00:00:22]} 52. Bf3 {[%clk 00:39:34]} {[%emt 00:00:34]} Bxf3 {[%clk
00:16:00]} {[%emt 00:02:11]} 53. Nxf3 {[%clk 00:39:01]} {[%emt 00:01:03]} Rc5
{[%clk 00:16:07]} {[%emt 00:00:24]} 54. Re1 {[%clk 00:38:42]} {[%emt 00:00:44]}
Rxf5 {[%clk 00:15:47]} {[%emt 00:00:54]} 55. e7 {[%clk 00:38:53]} {[%emt
00:00:20]} Ne8 {[%clk 00:16:11]} {[%emt 00:00:06]} 56. Re6 {[%clk 00:38:40]}
{[%emt 00:00:41]} Rf6 {[%clk 00:15:39]} {[%emt 00:01:02]} 57. Rxf6 {[%clk
00:38:06]} {[%emt 00:01:05]} gxf6 {[%clk 00:15:53]} {[%emt 00:00:16]} 58. Kd4
{[%clk 00:38:29]} {[%emt 00:00:07]} Kg7 {[%clk 00:16:10]} {[%emt 00:00:14]} 59.
Kc5 {[%clk 00:38:51]} {[%emt 00:00:08]} Kf7 {[%clk 00:15:50]} {[%emt 00:00:49]}
60. Kb6 {[%clk 00:39:13]} {[%emt 00:00:08]} Kxe7 {[%clk 00:16:14]} {[%emt
00:00:06]} 61. Kxa6 {[%clk 00:39:36]} {[%emt 00:00:08]} Nc7+ {[%clk 00:16:13]}
{[%emt 00:00:30]} 62. Kb6 {[%clk 00:40:00]} {[%emt 00:00:07]} Kd6 {[%clk
00:15:58]} {[%emt 00:00:45]} 63. Nd4 {[%clk 00:40:14]} {[%emt 00:00:16]} Kd5
{[%emt 00:00:41]} 1-0